000 00712nam a22002417a 4500
003 OSt
008 250927b |||||||| |||| 00| 0 eng d
020 _a9788127243081
082 _a631.521076
_bR41O
245 _aObjective Seed Science and Technology /
_cby P. R. Renganayaki...[et. al.]
260 _a.- Ludhiana
_b: Kalyani Publishers
_c, 2024
300 _a105p.
650 _aTechnology (Applied Sciences)
650 _aAgriculture and Related Technologies
650 _aSeeds
650 _aSeed Science and Technology
650 _aQuestions and Answers
700 _aRenganayaki, P. R.
700 _aSrimathi, P.
700 _aRamanadane, T.
700 _aBalamurugan, P.
942 _2ddc
_cBK
999 _c48960
_d48960